[Event "Bad Woerishofen op 34th"]
[Site "Bad Woerishofen"]
[Date "2018.02.23"]
[Round "1"]
[White "Bernhard, Thomas"]
[Black "Mikota, Paul"]
[Result "1-0"]
[WhiteElo "1800"]
[BlackElo "1544"]
[PlyCount "57"]
[EventDate "2018.02.23"]
[EventType "swiss"]
[EventRounds "9"]
[EventCountry "GER"]
[SourceTitle "EXT 2019"]
[Source "ChessBase"]
[SourceDate "2018.10.10"]
[SourceVersion "1"]
[SourceVersionDate "2018.10.10"]
[SourceQuality "1"]

1. e4 c5 2. Nf3 e6 3. d4 cxd4 4. Nxd4 a6 5. Nc3 Qc7 6. Bd3 Bc5 7. Nb3 Ba7 8. Qg4 g6 9. Bf4 d6 10. Qg3 Ke7 11. 0-0 Nc6 12. a3 b5 13. Rad1 Bb7 14. Bxb5 Ne5 15. Be2 h6 16. h4 Nf6 17. Bd3 Rag8 18. Be3 Nh5 19. Qh3 Bc8 20. f4 Bxe3+ 21. Qxe3 Nc6 22. f5 gxf5 23. exf5 Rg3 24. Rf3 Rhg8 25. Nd5+ Kd8 26. Nxc7 Rxg2+ 27. Kf1 Rg1+ 28. Qxg1 Rxg1+ 29. Kxg1 1-0

[Event "Augsburg op"]
[Site "Augsburg"]
[Date "2013.12.28"]
[Round "3"]
[White "Mikota, Paul"]
[Black "Heinze, Sabrina"]
[Result "1-0"]
[WhiteElo "1495"]
[BlackElo "889"]
[PlyCount "175"]
[EventDate "2013.12.27"]
[EventType "swiss"]
[EventRounds "7"]
[EventCountry "GER"]
[SourceTitle "CBM 158 Extra"]
[Source "ChessBase"]
[SourceDate "2014.02.28"]
[SourceVersion "1"]
[SourceVersionDate "2014.02.28"]
[SourceQuality "1"]

1. d4 d5 2. c4 e6 3. Nc3 Bb4 4. Nf3 Nf6 5. Bg5 Bxc3+ 6. bxc3 Nc6 7. e3 h6 8. Bf4 0-0 9. cxd5 exd5 10. Bd3 Bg4 11. 0-0 Re8 12. Re1 Nh5 13. Bg3 Nxg3 14. fxg3 Re6 15. h3 Bh5 16. c4 dxc4 17. Bxc4 Re7 18. a3 Qd6 19. Kh2 Rae8 20. Qd2 Nd8 21. Qc3 Bxf3 22. gxf3 Qf6 23. Kg2 Ne6 24. Bxe6 Qxe6 25. e4 Rd8 26. Rad1 Red7 27. Rd2 Qb6 28. Red1 Qf6 29. e5 Qc6 30. Qe3 Re8 31. d5 Qb6 32. Qc3 Rde7 33. f4 Qg6 34. Qf3 Qb6 35. Rd3 Qb2+ 36. R1d2 Qb6 37. Rb3 Qa6 38. Rdb2 Rb8 39. Rb5 b6 40. Qc3 Rc8 41. R5b4 Qb7 42. Qd3 Rd7 43. Rd2 Rcd8 44. Qf3 Rxd5 45. Re2 Qc6 46. Qe4 a5 47. Rc4 Qb7 48. Kf2 b5 49. Rcc2 Qb6+ 50. Kg2 Qb7 51. f5 Re8 52. Rxc7 Qxc7 53. Qxd5 Rb8 54. e6 Qb7 55. Rd2 Qxd5+ 56. Rxd5 fxe6 57. fxe6 Kf8 58. Rf5+ Ke7 59. Rf7+ Kxe6 60. Rxg7 Kf6 61. Rc7 b4 62. axb4 axb4 63. Rc1 b3 64. Rb1 Ke5 65. Kf3 Kd4 66. Ke2 Kc3 67. Rc1+ Kb4 68. g4 b2 69. Rb1 Ka3 70. Kf3 Ka2 71. Rg1 b1Q 72. Rxb1 Rxb1 73. Kf4 Rb5 74. h4 h5 75. g5 Rb8 76. g6 Rf8+ 77. Kg5 Rh8 78. Kf6 Rg8 79. Kf7 Rxg6 80. Kxg6 Kb3 81. Kxh5 Kc4 82. Kg6 Kd5 83. Kf6 Kd6 84. h5 Kd7 85. Kf7 Kd6 86. h6 Ke5 87. h7 Kf5 88. h8Q 1-0